Statistics for Super Smash Bros. Fighters #69 - The Incineroar Quiz

Click here to take the quiz!

General Stats

  • This quiz has been taken 174 times
  • The average score is 11 of 15

Answer Stats

HintAnswer% Correct
What type is Incineroar?Fire
98%
Pokémon Sun.Pokémon {Moon}
96%
What other Pokémon are in the Incineroar family?Litten
95%
What type is Incineroar?Dark
94%
What are the Legendary Pokémon of Alola?Lunala
89%
What are the Legendary Pokémon of Alola?Solgaleo
82%
Kanto has Team Rocket. Alola has what?Team {Skull}
82%
What other Pokémon are in the Incineroar family?Torracat
80%
Who is the professor of the Alola region?Kukui
69%
What four natural islands construct the Alola region?Melemele
59%
Who is the evil team in Ultra Sun?Team {Rainbow} {Rocket}
56%
What four natural islands construct the Alola region?Poni
51%
What Z-Move is exclusive to Incineroar?Malicious Moonsault
47%
What four natural islands construct the Alola region?Akala
46%
What four natural islands construct the Alola region?Ula’ula
42%

Score Distribution

Percentile by Number Answered

Percent of People with Each Score

Your Score History

You have not taken this quiz